LEADER 01087nam a2200265 u 4500 001 000000079022 003 CaOOAMICUS 005 20070226123508.0 008 040521s1983 gw u000 u ger u 020 $a3525512244 035 $a10996221 040 $aPUL$bita 130 0 $aBiblia.$pV.T.$kGruppi, scelte.$lTedesco.$0(OLS)http://pul/title/103434 245 14$aDer Prophet Hosea /$cübersetz und erklärt von Jörg Jeremias. 260 $aGöttingen :$bVandenhoeck & Ruprecht,$c1983. 300 $a174 p. ;$c24 cm 490 1 $aAlte Testament deutsch ;$v24/1 700 1 $aJeremias, Jörg.$0(OLS)http://pul/name/25865 830 0$aAlte Testament deutsch ;$v24/1.$0(OLS)http://pul/title/42107 850 $aPUL 852 $aPUL$W1$xSL Religione 1$y3$m5.N.24,1$j101219$nBK-PRI$qStampati$B101219$CPULBib$Z2$F101219 $HPUL92216 $82 941 1 $a8 996 $6020$a3525512244$9(OLS)http://pul/number/103680 996 $6245$aDer Prophet Hosea$9(OLS)http://pul/title/103435 996 $6260$aGöttingen :$bVandenhoeck & Ruprecht$9(OLS)http://pul/publisher/47973 LEADER 01127nam a2200265 a 4500 001 000000163749 003 CaOOAMICUS 005 20171026113925.0 008 171026s1978 it u000 u ita r 032 $aLibriCat 040 $aPUL$bita 100 1 $aCarpené, Giuseppe.$0(OLS)http://pul/name/105199 245 13$aLe 150 ore :$bfatalismo, partecipazione /$cGiuseppe Carpené. 260 $aRoma :$b[s.n.],$c1978. 300 $a130 p. ;$c18 cm. 502 $aTesi. Università Pontificia Salesiana. Facoltà di Scienze dell'Educazione. 1978. 504 $aBibliografia p. 125-130. 650 4$aApprendimento.$0(OLS)http://pul/subject/4539 710 2 $aPontificia Università Salesiana.$bFacoltà di scienze dell'educazione.$kTesi.$0(OLS)http://pul/name/81614 850 $aPUL 852 $aPUL$W1$xDP1 Tesi Pon. Univ. Salesiana$y46$mTH SAL 162$j187897$qTesi$B191002$CPULBib$Z2$F191002 $H46009 $82 941 1 $a16 996 $6245$aLe 150 ore :$bfatalismo, partecipazione$9(OLS)http://pul/title/203453 996 $6260$aRoma :$b[s.n.]$9(OLS)http://pul/publisher/47958